Diálogos de los Dioses (Registro nro. 57489)

Detalles MARC
000 -ENCABEZADO
Número de control [NR] 00905nam a2200241Ia 4500
008 - DE LONGITUD FIJA DE DATOS DE ELEMENTOS - INFORMACIÓN GENERAL
Elementos de longitud fija [NR] 130821s1987 sp gr spa
020 ## - NUMERO INTERNACIONAL NORMALIZADO PARA LIBROS [R]
Número Internacional Normalizado del libro [NR] 8420659541
040 ## - FUENTE DE CATALOGACION [NR]
Agencia de catalogación original [NR] Co-BoUCM
Idioma de catalogación [NR] spa
041 00 - CODIGO DE IDIOMA [R]
Código de idioma para texto/pista de sonido o título separado [R] Español
100 1# - ASIENTO PRINCIPAL--NOMBRE PERSONAL [NR]
Nombre personal [NR] Samósata, Luciano de
Fechas asociadas con el nombre [NR] 125 a. C. - 192 a. C.
ID Autoridad 164422
245 10 - MENCION DE TITULO [NR]
Título [NR] Diálogos de los Dioses
Mención de responsabilidad, etc. [NR] Luciano de Samósata ;traducción, introducción y notas de Juan Zaragoza Botella
260 ## - PUBLICACION, DISTRIBUCION, ETC. (PIE DE IMPRENTA) [R]
Lugar de publicación, distribución, etc. [R] Madrid (España)
Nombre del editor, distribuidor, etc. [R] Alianza Editorial
Fecha de publicación, distribución, etc. [R] 1987
300 ## - DESCRIPCION FISICA [R]
Extensión [R] 230 páginas
490 ## - MENCION DE SERIE [R]
Mención de serie [R] El Libro de Bolsillo.
Designación numérica/secuencial del volumen [NR] 8280
Mención de serie [R] Biblioteca Temática.
-- Clásicos de Grecia y Roma
501 ## - NOTA DE “CON” [R]
Nota de “Con” [NR] Diálogos de las cortesanas
501 ## - NOTA DE “CON” [R]
Nota de “Con” [NR] Diálogos de los muertos
501 ## - NOTA DE “CON” [R]
Nota de “Con” [NR] Diálogos marinos
650 04 - ASIENTO SECUNDARIO DE MATERIA - TERMINO TEMATICO [R]
Término temático o nombre geográfico como elemento de entrada [NR] Literatura griega
9 (RLIN) 76
650 04 - ASIENTO SECUNDARIO DE MATERIA - TERMINO TEMATICO [R]
Término temático o nombre geográfico como elemento de entrada [NR] Teatro griego
9 (RLIN) 25065
700 1# - ASIENTO SECUNDARIO - NOMBRE PERSONAL [R]
Nombre personal [NR] Zaragoza Botella, Juan
Término de relación [R]
9 (RLIN) 164423
942 ## - ELEMENTOS DE ENTRADA AGREGADOS (KOHA)
Tipo de ítem principal el descrito en 300a Libro
Tema principal Literatura
Edición 1
Parte restante de la signatura top. S191d
Sistema de clasificación DEWEY
Clasificación 888.7
Existencias
Fecha de último préstamo Total préstamos Signatura topográfica Código de barras Última vez visto Ejemplar Price effective from Tipo de ítem Perdido Sistema de clasificación Dañado No prestable Tipo de ítem específico Suprimido Ubicación habitual Ubicación actual Localización Fecha de creación Forma de adquisición Costo
22/11/2017 1 888.7 S191d 100093557 09/12/2025 Ej.1 03/02/2013 Libro   DEWEY     Libro   Claustro Claustro 2do piso 28/02/2013 Compra 45000.00